The Lord of the Rings or the Bible? - Statistics

General Stats
  • This quiz has been taken 5,247 times
  • The average score is 10 of 15
Answer Stats
Question Answer % Correct
"You will seek me and find me when you seek me with all your heart." The Holy Bible
84%
"Many evil things there are that your strong walls and bright swords do not stay. You know little of the lands beyond your bounds." The Lord of the Rings
84%
"Should you then seek great things for yourself? Do not seek them. For I will bring disaster on all people. But wherever you go I will let you escape with your life." The Holy Bible
81%
"Do not swerve to the right or to the left. Turn your foot away from evil." The Holy Bible
79%
"Old fool! This is my hour. Do you not know Death when you see it? Die now and curse in vain!" The Lord of the Rings
75%
“It's the job that's never started as takes longest to finish.” The Lord of the Rings
74%
"Naked I was sent back, for a brief time, until my task is done. And naked I lay upon the mountain-top...I was alone, forgotten, without escape upon the hard horn of the world. There I lay staring upward, while the stars wheeled over, and each day was as long as a life-age of the earth." The Lord of the Rings
70%
"Do not be overcome by evil, but overcome evil with good." The Holy Bible
68%
“Have you ever given orders to the morning, or shown the dawn its place?" The Holy Bible
67%
"Be not too eager to deal out death in the name of justice, fearing for your own safety. Even the wise cannot see all ends." The Lord of the Rings
67%
"Perilous to us all are the devices of an art deeper than we possess ourselves." The Lord of the Rings
66%
"They cannot conquer forever!" The Lord of the Rings
65%
"My body is broken. I go to my fathers. And even in their mighty company I shall not now be ashamed." The Lord of the Rings
61%
"You may learn something, and whether what you see be fair or evil, that may be profitable, and yet it may not. Seeing is both good and perilous." The Lord of the Rings
58%
"There is a mine for silver and a place where gold is refined. Iron is taken from the earth, and copper is smelted from ore. Mortals put an end to the darkness; they search out the farthest recesses for ore in the blackest darkness. Far from human dwellings they cut a shaft, in places untouched by human feet; far from other people they dangle and sway." The Holy Bible
33%
No matching quizzes found
Score Distribution
Percent of People with Each Score
Percentile by Number Answered
Your Score History
You have not taken this quiz